Algorithms and Applications ALAP 2018 /

This book presents the proceedings of the Conference on Algorithms and Applications (ALAP 2018), which focuses on various areas of computing, like distributed systems and security, big data and analytics and very-large-scale integration (VLSI) design. The book provides solutions to a broad class of...

Full description

Bibliographic Details
Corporate Author: SpringerLink (Online service)
Other Authors: Das, Sajal K. (Editor, http://id.loc.gov/vocabulary/relators/edt), Chaki, Nabendu (Editor, http://id.loc.gov/vocabulary/relators/edt)
Format: Electronic eBook
Language:English
Published: Singapore : Springer Singapore : Imprint: Springer, 2018.
Edition:1st ed. 2018.
Series:Smart Innovation, Systems and Technologies, 88
Subjects:
Online Access:Full Text via HEAL-Link
LEADER 03373nam a2200565 4500
001 978-981-10-8102-6
003 DE-He213
005 20191028232618.0
007 cr nn 008mamaa
008 180407s2018 si | s |||| 0|eng d
020 |a 9789811081026  |9 978-981-10-8102-6 
024 7 |a 10.1007/978-981-10-8102-6  |2 doi 
040 |d GrThAP 
050 4 |a TK1-9971 
072 7 |a TJK  |2 bicssc 
072 7 |a TEC041000  |2 bisacsh 
072 7 |a TJK  |2 thema 
082 0 4 |a 621.382  |2 23 
245 1 0 |a Algorithms and Applications   |h [electronic resource] :  |b ALAP 2018 /  |c edited by Sajal K. Das, Nabendu Chaki. 
250 |a 1st ed. 2018. 
264 1 |a Singapore :  |b Springer Singapore :  |b Imprint: Springer,  |c 2018. 
300 |a XIII, 89 p. 26 illus., 18 illus. in color.  |b online resource. 
336 |a text  |b txt  |2 rdacontent 
337 |a computer  |b c  |2 rdamedia 
338 |a online resource  |b cr  |2 rdacarrier 
347 |a text file  |b PDF  |2 rda 
490 1 |a Smart Innovation, Systems and Technologies,  |x 2190-3018 ;  |v 88 
505 0 |a Part 1. Distributed Systems and Security -- Part 2. VLSI and Embedded Systems -- Part 3. Big Data and Analytics. 
520 |a This book presents the proceedings of the Conference on Algorithms and Applications (ALAP 2018), which focuses on various areas of computing, like distributed systems and security, big data and analytics and very-large-scale integration (VLSI) design. The book provides solutions to a broad class of problems in diverse areas of algorithms in our daily lives in a world designed for, and increasingly controlled by algorithms. Written by eminent personalities from academia and industry, the papers included offer insights from a number of perspectives, providing an overview of the state of the art in the field. The book consists of invited talks by respected speakers, papers presented in technical sessions, and tutorials to offer ideas, results, work-in-progress and experiences of various algorithmic aspects of computational science and engineering. 
650 0 |a Electrical engineering. 
650 0 |a Algorithms. 
650 0 |a Data mining. 
650 0 |a Big data. 
650 0 |a Computer security. 
650 1 4 |a Communications Engineering, Networks.  |0 http://scigraph.springernature.com/things/product-market-codes/T24035 
650 2 4 |a Algorithm Analysis and Problem Complexity.  |0 http://scigraph.springernature.com/things/product-market-codes/I16021 
650 2 4 |a Data Mining and Knowledge Discovery.  |0 http://scigraph.springernature.com/things/product-market-codes/I18030 
650 2 4 |a Big Data.  |0 http://scigraph.springernature.com/things/product-market-codes/I29120 
650 2 4 |a Systems and Data Security.  |0 http://scigraph.springernature.com/things/product-market-codes/I28060 
700 1 |a Das, Sajal K.  |e editor.  |4 edt  |4 http://id.loc.gov/vocabulary/relators/edt 
700 1 |a Chaki, Nabendu.  |e editor.  |4 edt  |4 http://id.loc.gov/vocabulary/relators/edt 
710 2 |a SpringerLink (Online service) 
773 0 |t Springer eBooks 
776 0 8 |i Printed edition:  |z 9789811081019 
776 0 8 |i Printed edition:  |z 9789811081033 
776 0 8 |i Printed edition:  |z 9789811340659 
830 0 |a Smart Innovation, Systems and Technologies,  |x 2190-3018 ;  |v 88 
856 4 0 |u https://doi.org/10.1007/978-981-10-8102-6  |z Full Text via HEAL-Link 
912 |a ZDB-2-ENG 
950 |a Engineering (Springer-11647)